Introduction to Agriscience DVD Series

保存先:
書誌詳細
フォーマット: 図書
言語:Undetermined
出版事項: New York Thomson Delmar Learning 2006
主題:
タグ: タグ追加
タグなし, このレコードへの初めてのタグを付けませんか!
Thư viện lưu trữ: Trung tâm Học liệu Trường Đại học Cần Thơ
LEADER 00578nam a2200169Ia 4500
001 CTU_172154
008 210402s9999 xx 000 0 und d
082 |a 630.07 
082 |b I.61/CD.2 
245 0 |a Introduction to Agriscience DVD Series 
245 0 |c Delmar Learning 
260 |a New York 
260 |b Thomson Delmar Learning 
260 |c 2006 
650 |a Agriculture,Nông nghiệp,Life sciences,Khoa học đời sống,Plant sciences,Khoa học cây trồng 
904 |i Hồng Cẩm, Năm 
980 |a Trung tâm Học liệu Trường Đại học Cần Thơ